000 01126nam0a22002771 4500
001 rc\3590324
005 20130115142227.0
021 _aRU
_b[71-9009]
035 _a(NLR Aleph) 007808299
090 _a7705185
_c7705185
100 _a20130115d1970 |||y0rusy50 ca
101 0 _arus
102 _aRU
105 _ay z |||||
200 1 _aЗначение режима в воспитании школьника
_fСмол. обл. отд-ние Пед. о-ва РСФСР. Смол. гос. пед. ин-т им. К. Маркса. Смол. обл. ин-т усовершенствования учителей
210 _aСмоленск
_c[Моск. рабочий]
_d1970
215 _a81 с.
_d20
606 _aУчебно-воспитательная работа в школах-интернатах
_2psbo
606 _aПодростки
_xВоспитание
_2psbo
606 _aШкольники
_xРежим
_2psbo
700 1 _aПопова
_bЕ. И.
_gЕлизавета Ивановна
801 0 _aRU
_bNLR
_gpsbo
801 1 _aRU
_bELAR
_2rusmarc
852 _aNLR
_j71-4/3627
942 _cBOOK
980 _aNB